Ptolemaea - Ethel Cain (Lyrics) - Statistics

General Stats
  • This quiz has been taken 31 times
  • The average score is 289 of 408
Answer Stats
Answer % Correct
a
100%
i
100%
in
100%
no
100%
the
100%
you
100%
be
91%
can
91%
do
91%
like
91%
me
91%
not
91%
stop
91%
there
91%
who
91%
by
82%
enough
82%
fear
82%
had
82%
have
82%
i've
82%
keeps
82%
look
82%
make
82%
man
82%
please
82%
to
82%
what
82%
woman
82%
your
82%
already
73%
am
73%
and
73%
at
73%
been
73%
blessed
73%
blood
73%
cain
73%
done
73%
done?
73%
don't
73%
eyes
73%
followed
73%
from
73%
he
73%
it
73%
it's
73%
long
73%
looking
73%
mothers
73%
of
73%
say
73%
see
73%
suffer
73%
tell
73%
their
73%
was
73%
whore
73%
any
64%
before
64%
bound
64%
brings
64%
but
64%
cannot
64%
can't
64%
conception
64%
daughters
64%
did
64%
eternal
64%
even
64%
fathers
64%
fears
64%
fire
64%
he's
64%
iron
64%
love
64%
much
64%
nothing
64%
on
64%
rot
64%
saw
64%
some
64%
still
64%
suffering
64%
theres
64%
too
64%
twice
64%
upon
64%
with
64%
big
55%
breath
55%
child
55%
children
55%
come
55%
crawling
55%
daddy's
55%
dark
55%
does
55%
face)
55%
face
55%
felt
55%
forever
55%
girl
55%
hide
55%
i'm
55%
lamb
55%
loves
55%
mourning
55%
one
55%
promising
55%
rage
55%
saying
55%
sins
55%
something
55%
sweet
55%
that
55%
thee
55%
then
55%
walking
55%
when
55%
wolf
55%
yes
55%
beautiful
45%
calling
45%
committed
45%
feel
45%
ferry
45%
finite
45%
first
45%
gave
45%
gonna
45%
hiding
45%
home
45%
invited
45%
is
45%
need
45%
never
45%
now
45%
oh
45%
promised
45%
run
45%
spilled
45%
take
45%
through
45%
toward
45%
waiting
45%
well
45%
white
45%
will
45%
won't
45%
act
36%
again
36%
angry
36%
as
36%
bated
36%
contempt
36%
evil
36%
good
36%
heard
36%
here
36%
know
36%
left
36%
light
36%
mama
36%
move
36%
nigh
36%
night
36%
nor
36%
only
36%
poor
36%
shadows
36%
(show
36%
thing
36%
tired
36%
along
27%
back
27%
buckled
27%
comes
27%
each
27%
every
27%
floor
27%
god
27%
hatred
27%
him
27%
lead
27%
mine
27%
senseless
27%
simply
27%
uh
27%
violence
27%
youd
27%
drawing
18%
No matching quizzes found
Score Distribution
Percent of People with Each Score
Percentile by Number Answered
Your Score History
You have not taken this quiz